| 000 | 01226 a2200241 4500 | ||
|---|---|---|---|
| 001 | 24577 | ||
| 005 | 20260407155529.0 | ||
| 008 | 260407a2012 arg spa d | ||
| 003 | AR-UNSa-BCEJYS | ||
| 040 |
_aAR-UNSa-BCEJYS _bspa _cAR-UNSa-BCEJYS |
||
| 080 |
_a347.7 _xDerecho Mercantil. Derecho Comercial |
||
| 245 | 1 | 0 | _aElementos de derecho comercial |
| 020 | _a978-987-03-2258-0 | ||
| 264 | 1 |
_aBuenos Aires : _bLa Ley _c2012 |
|
| 300 |
_axlvii, 921 p. _c24 cm. |
||
| 505 | _a1. Antecedentes, nociones y legislación - 2. Resolución de conflictos - 3. Fuentes del derecho comercial - 4. El comerciante - 5. Contratos comerciales y protección de los consumidores - 6. Mercados financiero y bancario - 7. Garantías - 8. Títulos de crédito - 9. Sociedades comerciales - 10. Concursos - 11. Seguros y derecho industrial - 12. Derecho aeronáutico - 13. Derecho de la navegación marítima - 14. Derecho de los recursos naturales | ||
| 041 | _aspa | ||
| 942 | _cBK | ||
| 590 | _aniveau_biblio:m niveau_hierar:0 | ||
| 100 | 1 | _aGerscovich, Carlos Gustavo | |
| 700 | 1 | _aGebhardt, Marcelo | |
| 856 | 4 | 1 |
_uhttps://biblioeco.unsa.edu.ar/pmb/images/libros/Elementos de Derecho Comercial(2012).jpg _yImagen de portada _qimage/jpeg |
| 999 |
_c1204 _d1204 |
||